Wo wachsen diese Nahrungsmittel? #1 - Statistiken

Allgemein
  • Dieses Quiz wurde 261 mal gespielt
  • Das Durchschnittsergebnis liegt bei 20 aus 26
Antwortstatistiken
Frage Antwort % Korrekt
Kartoffel
100%
Apfel
100%
Zitrone
100%
Kirsche
97%
Zwiebel
94%
Olive
94%
Weintraube
91%
Tomate
91%
Walnuss
91%
Salat
91%
Brokkoli
91%
Karotte
88%
Ingwer
85%
Rhabarber
85%
Avocado
82%
Gurke
79%
Knoblauch
76%
Rote Beete
74%
Bambussprossen
65%
Sellerie
62%
Erdnuss
59%
Wassermelone
53%
Zimt
53%
Kürbis
50%
Kiwi
38%
Spargel
35%
Keine übereinstimmenden Quizze gefunden
Verteilung der Resultate
Anzahl Personen mit jedem Resultat
Perzentil nach korrekt beantworteten Fragen
Ihre Resultats-Entwicklung
Sie haben dieses Quiz noch nicht gespielt